000 00599nam a2200241Ia 4500
005 20250425161925.0
008 250425s9999 xx 000 0 und d
020 _a8471145006
041 _aspa
082 _a634.956
110 _aINSTITUT POUR LE DEVELOPPEMENT FORESTIER
245 0 _aREPOBLACION FORESTAL DE TIERRAS AGRICOLAS
250 _a1A ED.
260 _aEspaƱa
_bMUNDI-PRENSA
_c1994
260 _aMADRID
300 _a63
650 _aAGRICULTURA
650 _aFORESTACION
650 _aREPOBLACION FORESTAL
650 _aSUELO AGRICOLA
942 _c01
010 _a35083
999 _c218949
_d218949